00596nam a2200181Ia 450000500170000000800410001708200130005810000160007124501040008726000460019130000170023765000110025465000170026565000160028294200060029895200950030499900150039920240404012521.0240331s9999 xx 000 0 und d bPETa327 aVale, Peter 0aOf laagers, lepers and leannessbSouth Africa and Regional Security in the mid - 1990scPeter Value aNorway :bChr. Chelsen Institute /c1994. aiii, 45 p ., aSocial aHuman Rights aDevelopment cL 001040708LaWERCLbWERCLcSSCd2024-03-31l0o 327 VALp3710r2024-03-31w2024-03-31yL c2554d2554